Finanční výkonnost firmy (simulační přístup)

Popis a overenie metodológie merania finančnej výkonnosti firmy. Popísaný je rozklad ukazovateľa EVA na báze relatívneho hodnotového rozpätia. Overenie a aplikácia ukazovateľa EVA bolo uskutočnené na mesačných údajoch strojárenského podniku. Ďalej bola overená možnosť predikcie EVA simuláciou Monte...

Ausführliche Beschreibung

Gespeichert in:
Bibliographische Detailangaben
1. Verfasser: Zmeškal, Zdeněk
Weitere Verfasser: Dluhošová, Dana
Format: Buchkapitel
Sprache:Englisch
Schlagworte:
Tags: Tag hinzufügen
Keine Tags, Fügen Sie das erste Tag hinzu!

MARC

LEADER 00000naa$a2200000$$$4500
001 0096331
005 20240502072053.4
041 0 |a eng 
044 |a SK 
245 1 0 |a Finanční výkonnost firmy (simulační přístup)  |c Zdeněk Zmeškal, Dana Dluhošová 
520 |a Popis a overenie metodológie merania finančnej výkonnosti firmy. Popísaný je rozklad ukazovateľa EVA na báze relatívneho hodnotového rozpätia. Overenie a aplikácia ukazovateľa EVA bolo uskutočnené na mesačných údajoch strojárenského podniku. Ďalej bola overená možnosť predikcie EVA simuláciou Monte Carlo. 
610 2 0 |a firmy 
610 2 0 |a výkonnosť 
610 2 0 |a výkony podnikové 
610 2 0 |a hodnota pridaná ekonomická 
610 2 0 |a ukazovateľ EVA 
610 2 0 |a simulácia 
100 1 |a Zmeškal, Zdeněk 
700 1 |a Dluhošová, Dana